Democracia participativa y desarrollo humano (Registro nro. 159710)
[ vista simple ]
| 000 -LEADER | |
|---|---|
| fixed length control field | 01332ny a22003253n 4500 |
| 006 - FIXED-LENGTH DATA ELEMENTS--ADDITIONAL MATERIAL CHARACTERISTICS--GENERAL INFORMATION | |
| fixed length control field | m u |
| 007 - PHYSICAL DESCRIPTION FIXED FIELD--GENERAL INFORMATION | |
| fixed length control field | cr cn||||||||| |
| 008 - FIXED-LENGTH DATA ELEMENTS--GENERAL INFORMATION | |
| fixed length control field | 200807r2007 sp |||||s|||||||||||spa d |
| 020 ## - INTERNATIONAL STANDARD BOOK NUMBER | |
| International Standard Book Number | 9788498490770 |
| 035 ## - | |
| -- | 2428 |
| 040 ## - CATALOGING SOURCE | |
| Original cataloging agency | FlNmELB |
| Transcribing agency | FlNmELB |
| Modifying agency | vlex |
| 050 14 - | |
| -- | JC423 |
| -- | A285 2007eb |
| 080 ## - | |
| -- | 321.7 080:342.57 650 04 |
| 090 ## - | |
| -- | 1219 |
| -- | 1219 |
| 100 1# - MAIN ENTRY--PERSONAL NAME | |
| Personal name | Ahedo Gurrutxaga, Igor |
| 245 10 - TITLE STATEMENT | |
| Title | Democracia participativa y desarrollo humano |
| Medium | [Recurso electrónico] |
| Statement of responsibility, etc | Editado por Igor Ahedo Gurrutxaga, Pedro Ibarra Gèuell |
| 256 ## - | |
| -- | Servicio en línea |
| 260 ## - PUBLICATION, DISTRIBUTION, ETC. (IMPRINT) | |
| Place of publication, distribution, etc | Madrid : |
| Name of publisher, distributor, etc | Dykinson, |
| Date of publication, distribution, etc | 2007 |
| 300 ## - PHYSICAL DESCRIPTION | |
| Extent | 7-318 p |
| 506 1# - RESTRICTIONS ON ACCESS NOTE | |
| Terms governing access | Contenido solo disponible en los productos indicados |
| Authorized users | vLex Global |
| -- | vLex Global (Academic Edition, excluding Law Schools) |
| -- | vLex Global (U.S. Academic Edition, Law Schools) |
| -- | vLex Global (U.S. Academic Edition, excluding Law Schools) |
| -- | vLex Global (Academic Edition, Law Schools) |
| 650 07 - SUBJECT ADDED ENTRY--TOPICAL TERM | |
| Topical term or geographic name as entry element | Constitucional |
| Source of heading or term | Tesauro vLex |
| 650 07 - SUBJECT ADDED ENTRY--TOPICAL TERM | |
| Topical term or geographic name as entry element | Derechos humanos |
| Source of heading or term | Tesauro vLex |
| 650 07 - SUBJECT ADDED ENTRY--TOPICAL TERM | |
| Topical term or geographic name as entry element | Derecho de participación |
| Source of heading or term | Tesauro vLex |
| 650 07 - SUBJECT ADDED ENTRY--TOPICAL TERM | |
| Topical term or geographic name as entry element | Participación ciudadana |
| Source of heading or term | Tesauro vLex |
| 700 1# - ADDED ENTRY--PERSONAL NAME | |
| Personal name | Ibarra Gèuell, Pedro, |
| Relator term | ed |
| 740 0# - | |
| -- | vLex Libros (Servicios en línea) |
| 856 40 - LOCALIZACIÓN Y ACCESO ELECTRÓNICO | |
| Identificador Uniforme del Recurso (URI/URL) | https://app.vlex.com/#/sources/2428 |
| 942 ## - | |
| -- | RAA |
| 999 ## - | |
| -- | 159710 |
| -- | 159710 |
No hay ítems disponibles.